|
|
|
|
| LEADER |
00948nam a22002417a 4500 |
| 001 |
40127 |
| 003 |
BD-DhAAL |
| 008 |
221124t1981 nyua|||| b||| 001 0 eng d |
| 999 |
|
|
|c 45090
|d 45090
|
| 020 |
|
|
|a 0155586238
|
| 040 |
|
|
|a BD-DhAAL
|c BD-DhAAL
|
| 082 |
|
|
|a 339
|2 23
|
| 100 |
|
|
|a Glahe, Fred R.
|9 52580
|
| 245 |
|
|
|a Macroeconomics :
|b theory and applications /
|c Fred R. Glahe and Dwight R. Lee.
|
| 260 |
|
|
|a New York :
|b Harcourt Brace Jovanovich,
|c c1981.
|
| 300 |
|
|
|a xv, 558 pages :
|b illustrations ;
|c 24 cm.
|
| 541 |
|
|
|a Includes bibliographical references and index.
|e 40127
|
| 650 |
|
|
|a Macroeconomics.
|9 52581
|
| 650 |
|
|
|a Economics.
|9 52582
|
| 700 |
|
|
|a Lee, Dwight R.
|9 52583
|
| 852 |
|
|
|a Ayesha Abed Library
|c Akbar Ali Khan Collection
|
| 942 |
|
|
|2 ddc
|c BK
|
| 952 |
|
|
|0 0
|1 0
|2 ddc
|4 0
|6 339_000000000000000_GLA
|7 1
|9 72404
|a BRACUL
|b BRACUL
|c AAKC
|d 2022-11-24
|e Donated by Akbar Ali Khan
|l 2
|m 1
|o 339 GLA
|p 3010040127
|r 2025-02-12
|s 2024-12-03
|t 1
|w 2022-11-24
|y BK
|